| 000 | 00390cam a2200169ua 4500 | ||
|---|---|---|---|
| 020 | _c3.00 | ||
| 041 |
_ahin _h |
||
| 082 |
_a891.4 _bAJI/PR |
||
| 100 | _aPralbaryan, Kamu . | ||
| 245 |
_aAjnabhi / _cKamu pralbaryan. _hTextual Documents |
||
| 260 |
_aDelhi : _bRajkamal Prakash , _c1962. |
||
| 300 | _a ; . | ||
| 365 | _a3.00 | ||
| 504 | _a | ||
| 942 | _cBK | ||
| 999 |
_c3699 _d3699 |
||